000 00723nam a22001817a 4500
003 UA-OsUOA
001 17912
007 ta
008 20040403b un ||||| |||| 00| 0 ukr d
100 _aЖепінський П.
942 _cSA
040 _aUA-OsUOA
_cUA-OsUOA
_dUA-OsUOA
245 _aКооператори допомогли видати книгу письменників-земляків[ А.Кондратюка та Б.Боровця "Поклик" у рівнен. вид-ві "Азалія"]
300 _aС.2
955 _a0
773 0 _w0
_tРівненський кооператор
_dРівне
_d2004
_g№13/26 берез./
650 7 _aКондратюк А., Боровець Б.
_2UDC
999 _c304081
_d304081